000 00340 a2200157 4500
001 167189
020 _a
040 _cMagnum
100 _aFavero, Leonor Lopes
240 1 0 _aLinguistica textual: introducao
_lpor
245 1 0 _aLinguistica textual: introducao
362 0 _a1899
440 1 _aCortez
697 _aGERAL
942 _cBK
999 _c167189
_d167189